RX REMINGTON THE SCIENCE AND PRACTICE OF PHRMACY (Record no. 7249)

MARC details
000 -LEADER
fixed length control field 00365nam a2200145Ia 4500
008 - FIXED-LENGTH DATA ELEMENTS--GENERAL INFORMATION
fixed length control field 150301s2015 xx 000 0 und d
082 ## - DEWEY DECIMAL CLASSIFICATION NUMBER
Classification number 615.4
Item number R13A
100 ## - MAIN ENTRY--PERSONAL NAME
Personal name V.LOYD ALLIN
245 ## - TITLE STATEMENT
Title RX REMINGTON THE SCIENCE AND PRACTICE OF PHRMACY
250 ## - EDITION STATEMENT
Edition statement 22ND
260 ## - PUBLICATION, DISTRIBUTION, ETC. (IMPRINT)
Name of publisher, distributor, etc. PP- PHARMACEUTICAL PRESS
300 ## - PHYSICAL DESCRIPTION
Extent 1950
650 ## - SUBJECT ADDED ENTRY--TOPICAL TERM
Topical term or geographic name as entry element PHARMACEUTICS
942 ## - ADDED ENTRY ELEMENTS (KOHA)
Source of classification or shelving scheme Dewey Decimal Classification
Koha item type Books
Holdings
Withdrawn status Lost status Source of classification or shelving scheme Damaged status Not for loan Collection code Home library Current library Shelving location Date acquired Source of acquisition Cost, normal purchase price SGTU Bill Number Total Checkouts Full call number Barcode Date last seen Date last checked out Bill Date Koha item type
    Dewey Decimal Classification     PHARMACY SGT FA-FP Library SGT FA-FP Library Reference Book 02/07/2015 ABC DELHI 3995.00 SGTU 5118 1 615.4 R13A FP751 29/11/2017 18/11/2017 12/02/2014 Books
    Dewey Decimal Classification     PHARMACY SGT FA-FP Library SGT FA-FP Library Reference Book 02/07/2015 ABC DELHI   SGTU 5118   615.4 R13A FP752 02/07/2015   12/02/2014 Books